Excision Discography - Statistics

General Stats
  • This quiz has been taken 4 times
    3 since last reset
  • The average score is 10 of 24
Answer Stats
Type Year Name % Correct
Album 2018 Apex
100%
Album 2015 Codename X
100%
Album 2016 Virus
100%
Collaborative EP 2009 Boom EP
50%
Mix Album 2007 Rottun
50%
Mix Album 2008 Shambhala
50%
Mix Album 2009 Shambhala
50%
Mix Album 2010 Shambhala
50%
Mix Album 2011 Shambhala
50%
Mix Album 2012 Shambhala
50%
Mix Album 2013 Shambhala
50%
Mix Album 2014 Shambhala
50%
Mix Album 2015 Shambhala
50%
Remix Album 2017 Virus: The Remixes
50%
Album 2011 X Rated
50%
Remix Album 2012 X Rated: The Remixes
50%
Collaborative EP 2019 Breaking Through
0%
Mix Album 2006 Darkside Dubstep
0%
Collaborative EP 2019 Evolution
0%
Collaborative Remix EP 2010 Excision & Datsik Remixed
0%
Collaborative EP 2011 Existence EP
0%
Collaborative Remix EP 2011 Heavy Artillery / Reploid (Remixes)
0%
Collaborative EP 2009 Hypothermic EP
0%
Mix Album 2011 The X Sessions: Vol. 1
0%
No matching quizzes found
Score Distribution
Percent of People with Each Score
Percentile by Number Answered
Your Score History
You have not taken this quiz since the last reset